000 00288nam a22001337a 4500
008 210521b ||||| |||| 00| 0 eng d
041 _aeng
080 _a91
082 _a91
100 _a42
101 _aGJEO
245 _aAsia's Land and People
_cGeorge B. Cressey
942 _2udc
_cBK
999 _c57586
_d57586